A companion to American fiction; 1865-1914 (Record no. 279)

MARC details
000 -LEADER
fixed length control field 00510 a2200181 4500
001 - CONTROL NUMBER
control field 066087
003 - CONTROL NUMBER IDENTIFIER
control field OSt
005 - DATE AND TIME OF LATEST TRANSACTION
control field 20210909160154.0
008 - FIXED-LENGTH DATA ELEMENTS--GENERAL INFORMATION
fixed length control field
082 ## - DEWEY DECIMAL CLASSIFICATION NUMBER
Classification number 813.409
Item number C73C
245 1# - TITLE STATEMENT
Title A companion to American fiction; 1865-1914
Statement of responsibility, etc edited by Robert Paul Lamb and Gary Richard Thompson
260 ## - PUBLICATION, DISTRIBUTION, ETC. (IMPRINT)
Place of publication, distribution, etc USA
Name of publisher, distributor, etc Blackwell
Date of publication, distribution, etc 2009
300 ## - PHYSICAL DESCRIPTION
Extent 621p.
690 ## - LOCAL SUBJECT ADDED ENTRY--TOPICAL TERM (OCLC, RLIN)
Topical term or geographic name as entry element American fiction
700 ## - ADDED ENTRY--PERSONAL NAME
Relator term Lamb, Robert Paul, ed.
700 ## - ADDED ENTRY--PERSONAL NAME
Relator term Thompson, Gary Richard, ed.
942 ## - ADDED ENTRY ELEMENTS (KOHA)
Source of classification or shelving scheme Dewey Decimal Classification
Koha item type Books
Holdings
Withdrawn status Lost status Source of classification or shelving scheme Damaged status Not for loan Collection code Home library Current library Date acquired Source of acquisition Cost, normal purchase price Full call number Barcode Date last seen Price effective from Koha item type
    Dewey Decimal Classification     General Text Book Central University Of Rajasthan Central University Of Rajasthan 07/03/2012 ENG 2268.00 813.409 C73C 373 21/11/2024 02/09/2020 Books